[Event "Low Budget XXXIV"]
[Site "Solrod Skole"]
[Date "2010.10.06"]
[Round "1.1"]
[White "Christensen, Verner"]
[Black "Kristensen, Benny"]
[Result "1/2-1/2"]
[WhiteElo "1968"]
[BlackElo "1596"]
[PlyCount "78"]
[EventDate "2010.??.??"]
[WhiteTeam "Solrød Skakklub"]
[BlackTeam "Skovbo Skakklub"]

1. e4 c5 2. d4 cxd4 3. c3 Nf6 4. e5 Nd5 5. Nf3 Nc6 6. Bc4 Nb6 7. Bb3 e6 8. O-O
d6 9. cxd4 dxe5 10. dxe5 Qxd1 11. Rxd1 Be7 12. Nc3 O-O 13. Nb5 Na5 14. Nc7 Rb8
15. Be3 Rd8 16. Rxd8+ Bxd8 17. Nb5 Nxb3 18. axb3 a6 19. Rd1 Nd5 20. Nc3 Bd7 21.
Nxd5 exd5 22. Rxd5 Bc6 23. Rd1 Bc7 24. Re1 Re8 25. Bd4 h6 26. Bc3 Bd5 27. b4
Re6 28. Nh4 g6 29. Bd4 g5 30. Nf5 Kh7 31. Bc3 Kg6 32. Ng3 h5 33. h3 f6 34. exf6
Rxe1+ 35. Bxe1 Bxg3 36. fxg3 Kxf6 37. Kf2 g4 38. Ke3 Kf5 39. hxg4+ hxg4 1/2-1/2

[Event "Low Budget XXXIV"]
[Site "Solrod Skole"]
[Date "2010.10.06"]
[Round "1.2"]
[White "Dyremose, Flemming"]
[Black "Krogh, Peter Ove"]
[Result "0-1"]
[WhiteElo "1755"]
[BlackElo "1922"]
[PlyCount "95"]
[EventDate "2010.??.??"]
[WhiteTeam "Brøndbyernes Skakklub"]
[BlackTeam "Køge Skakklub"]

1. d4 Nf6 2. c4 e6 3. Nc3 Bb4 4. Bg5 h6 5. Bxf6 Qxf6 6. Nf3 b6 7. e4 O-O 8. Bd3
Bb7 9. O-O d6 10. Qc2 Nd7 11. Ne2 d5 12. e5 Qd8 13. a3 Be7 14. cxd5 Bxd5 15.
Be4 c5 16. dxc5 Rc8 17. c6 Rxc6 18. Nc3 Bxe4 19. Qxe4 Qc8 20. Rad1 Rc4 21. Qe2
Rd8 22. Rd4 Rxd4 23. Nxd4 Bxa3 24. Ncb5 Bc5 25. Nxa7 Qc7 26. Ndc6 Ra8 27. b4
Bxb4 28. Qf3 Rxa7 29. Nxa7 Qxa7 30. Qe4 Bc5 31. Kh1 g6 32. f4 Qc7 33. Ra1 Kg7
34. h3 Be7 35. Kh2 b5 36. Qa8 Bf8 37. Ra7 Qb8 38. Qxb8 Nxb8 39. Rb7 Nc6 40.
Rxb5 Ne7 41. g3 g5 42. Kg2 Kg6 43. Rb8 Bg7 44. Re8 Nd5 45. Kf3 gxf4 46. gxf4 h5
47. Ke4 f5+ 48. exf6 0-1

[Event "Low Budget XXXIV"]
[Site "Solrod Skole"]
[Date "2010.10.06"]
[Round "1.3"]
[White "Keinicke, Mads"]
[Black "Larsen, Poul M"]
[Result "1-0"]
[WhiteElo "1739"]
[BlackElo "1551"]
[PlyCount "75"]
[EventDate "2010.??.??"]
[WhiteTeam "Arb. Skakf. Af 04"]
[BlackTeam "Haslev Skakklub"]

1. d4 Nf6 2. Bf4 e6 3. e3 b6 4. Nd2 Bb7 5. Ngf3 d5 6. Bd3 Be7 7. Ne5 Nbd7 8.
Qf3 O-O 9. Qh3 c5 10. c3 Ne4 11. f3 Nef6 12. e4 g6 13. Nxd7 Nxd7 14. Bh6 Re8
15. e5 Bg5 16. f4 Bxh6 17. Qxh6 f5 18. h4 Qe7 19. Nf3 Qg7 20. Qxg7+ Kxg7 21.
O-O-O cxd4 22. cxd4 a6 23. h5 Rh8 24. Ng5 h6 25. Nf3 Rag8 26. Kd2 gxh5 27. Rxh5
Kf7 28. Rh2 Rg4 29. Ke3 Nb8 30. Rc1 Rg7 31. Ng5+ Kg8 32. Nxe6 Rf7 33. Nd8 Rd7
34. Nxb7 Rxb7 35. Rc8+ Kg7 36. Rxh8 Kxh8 37. Rxh6+ Kg7 38. Rd6 1-0

[Event "Low Budget XXXIV"]
[Site "Solrod Skole"]
[Date "2010.10.06"]
[Round "1.5"]
[White "Sørensen, Aron Frank"]
[Black "Thomsen, Heinrich Kirch"]
[Result "0-1"]
[WhiteElo "1501"]
[BlackElo "1322"]
[PlyCount "88"]
[EventDate "2010.??.??"]
[WhiteTeam "Solrød Skakklub"]
[BlackTeam "Solrød Skakklub"]

1. d4 Nf6 2. c4 g6 3. Nc3 Bg7 4. e4 d6 5. f3 O-O 6. Be3 Nbd7 7. Qd2 c5 8. d5
Re8 9. Nge2 Nf8 10. Ng3 e6 11. Be2 exd5 12. cxd5 a6 13. O-O b5 14. Bg5 h5 15.
f4 N8h7 16. f5 b4 17. fxg6 Nxg5 18. Qxg5 Re5 19. gxf7+ Kf8 20. Nf5 Bxf5 21.
Rxf5 Rxf5 22. Qxf5 bxc3 23. bxc3 Qd7 24. Qxd7 Nxd7 25. Bxh5 Bxc3 26. Rf1 Bd4+
27. Kh1 Ne5 28. Rf6 Rb8 29. g3 Rb1+ 30. Kg2 Rb2+ 31. Kh3 Bg1 32. g4 Rxh2+ 33.
Kg3 Rxa2 34. Rxd6 Bh2+ 35. Kh3 Nxf7 36. Rf6 Be5 37. Rxf7+ Kg8 38. Kh4 Rh2+ 39.
Kg5 Rxh5+ 40. Kxh5 Kxf7 41. Kh6 c4 42. Kh7 c3 43. g5 c2 44. g6+ Kf8 0-1

[Event "Low Budget XXXIV"]
[Site "Solrod Skole"]
[Date "2010.10.06"]
[Round "1.6"]
[White "Jørgensen, Leif"]
[Black "Orup, Kim Amdi"]
[Result "0-1"]
[WhiteElo "1704"]
[BlackElo "1497"]
[PlyCount "112"]
[EventDate "2010.??.??"]
[WhiteTeam "Solrød Skakklub"]
[BlackTeam "Køge Skakklub"]

1. d4 f5 2. c4 Nf6 3. Nf3 d6 4. Nc3 e6 5. e3 Be7 6. Bd3 O-O 7. e4 h6 8. e5 Nh7
9. d5 c6 10. Qb3 Qc7 11. exd6 Bxd6 12. dxc6 Nxc6 13. Nb5 Qa5+ 14. Nc3 Nb4 15.
Bb1 Qc7 16. Nb5 Qe7 17. Nxd6 Qxd6 18. O-O Nc6 19. Rd1 Qe7 20. Qc3 Rd8 21. Rd3
g5 22. b3 Qf6 23. Rxd8+ Nxd8 24. Bb2 Qxc3 25. Bxc3 Nf7 26. Bc2 Bd7 27. Bb4 Bc6
28. Nd4 Nd8 29. Re1 Kf7 30. Ba3 Nf6 31. f3 g4 32. Kf2 h5 33. fxg4 hxg4 34. b4
Be4 35. Bb3 Nc6 36. Nxc6 Bxc6 37. g3 Rd8 38. Rd1 Ne4+ 39. Ke3 Rxd1 40. Bxd1 Nd6
41. Bb3 b5 42. c5 Nb7 43. Kf4 a5 44. Ke5 Nd8 45. Kd6 a4 46. Bxe6+ Nxe6 47. Kxc6
Nd4+ 48. Kd7 Nc2 49. c6 Nxa3 50. c7 Nc4 51. c8=Q Nb6+ 52. Kc7 Nxc8 53. Kxc8 Ke6
54. Kc7 Kd5 55. Kb6 Kc4 56. Ka5 a3 0-1

[Event "Low Budget XXXIV"]
[Site "Solrod Skole"]
[Date "2010.10.06"]
[Round "1.7"]
[White "Krag-Jacobsen, Alan"]
[Black "Dyremose, Morten Sigvart"]
[Result "1-0"]
[WhiteElo "1482"]
[BlackElo "1191"]
[PlyCount "37"]
[EventDate "2010.??.??"]
[WhiteTeam "Solrød Skakklub"]
[BlackTeam "Brøndbyernes Skakklub"]

1. e4 e5 2. Nf3 d6 3. d4 Bg4 4. dxe5 Bxf3 5. Qxf3 dxe5 6. Bc4 Nf6 7. Qb3 Qd7 8.
Qxb7 Bc5 9. O-O O-O 10. Qxa8 Qd4 11. Bd5 Ng4 12. Be3 Nxe3 13. fxe3 Qxe3+ 14.
Kh1 Nd7 15. Bxf7+ Kh8 16. Qd5 Nf6 17. Qe6 Nxe4 18. Qf5 g6 19. Qxe5+ 1-0

[Event "Low Budget XXXIV"]
[Site "Solrod Skole"]
[Date "2010.10.06"]
[Round "1.8"]
[White "Christensen, Robert"]
[Black "Nielsen, Steen"]
[Result "0-1"]
[WhiteElo "1104"]
[BlackElo "1456"]
[PlyCount "82"]
[EventDate "2010.??.??"]
[WhiteTeam "Hvidovre Skakklub"]
[BlackTeam "Solrød Skakklub"]

1. Nf3 d5 2. d4 e6 3. g3 c5 4. Bg2 Nc6 5. c3 Nf6 6. Bf4 Be7 7. Nbd2 O-O 8. O-O
b5 9. dxc5 Bxc5 10. b4 Be7 11. e3 Qb6 12. Qc2 Bb7 13. Rfe1 Rfc8 14. Bh3 Nxb4
15. Qb3 Nd3 16. Bf1 Nxe1 17. Rxe1 a5 18. Be5 a4 19. Qb1 Ne4 20. Nxe4 dxe4 21.
Bd4 Bc5 22. Ne5 Bxd4 23. cxd4 b4 24. Nd7 Qa5 25. Nc5 Bd5 26. Rc1 Rab8 27. Nd7
Rxc1 28. Qxc1 Ra8 29. a3 b3 30. Nc5 Rc8 31. Qb2 Rxc5 32. dxc5 Qxc5 33. Qe5 Qxa3
34. Qc7 g6 35. Qb8+ Kg7 36. Qe5+ f6 37. Qc7+ Kg8 38. Qb8+ Kf7 39. Qc7+ Qe7 40.
Qc1 a3 41. Qb1 Qc5 0-1

[Event "Low Budget XXXIV"]
[Site "Solrod Skole"]
[Date "2010.10.06"]
[Round "1.9"]
[White "Wieland, Carsten"]
[Black "Grum-Schwensen, Jens"]
[Result "1/2-1/2"]
[WhiteElo "1562"]
[BlackElo "1282"]
[PlyCount "69"]
[EventDate "2010.??.??"]
[WhiteTeam "Solrød Skakklub"]
[BlackTeam "Brøndbyernes Skakklub"]

1. d4 d5 2. Nf3 Nc6 3. e3 e6 4. Bd3 Nf6 5. O-O Be7 6. b3 a6 7. Bb2 O-O 8. c4 b6
9. Nc3 Bb7 10. Rc1 h6 11. cxd5 Nxd5 12. Nxd5 exd5 13. Re1 Bd6 14. e4 Nb4 15. e5
Nxd3 16. Qxd3 Bb4 17. Re2 Qe7 18. Ra1 Ba3 19. Bxa3 Qxa3 20. e6 Qe7 21. exf7+
Qxf7 22. Ne5 Qf5 23. Qg3 Rae8 24. Re3 Qc8 25. Rae1 Qd8 26. Ng6 Rxe3 27. Rxe3
Re8 28. Ne5 Re6 29. Ng4 Qe7 30. Nxh6+ Kf8 31. Rxe6 Qxe6 32. Qf3+ Ke8 33. Qe3
Bc8 34. Nf5 Qxe3 35. Nxe3 1/2-1/2

[Event "Low Budget XXXIV"]
[Site "Solrod Skole"]
[Date "2010.10.13"]
[Round "2.1"]
[White "Krogh, Peter Ove"]
[Black "Forsmann, Henning"]
[Result "1/2-1/2"]
[WhiteElo "1922"]
[BlackElo "1764"]
[PlyCount "114"]
[EventDate "2010.??.??"]
[WhiteTeam "Køge Skakklub"]
[BlackTeam "Solrød Skakklub"]

1. c4 g6 2. d4 Bg7 3. e4 c5 4. Ne2 cxd4 5. Nxd4 Nc6 6. Nb3 Nf6 7. Bd3 Ne5 8.
O-O O-O 9. Nc3 d6 10. Bg5 Bg4 11. Be2 Bd7 12. f4 Nc6 13. Kh1 a5 14. Rc1 a4 15.
Na1 Qa5 16. e5 Ne8 17. exd6 exd6 18. Bf3 f6 19. Bd5+ Kh8 20. Bh4 Ne7 21. Nc2
Nxd5 22. Nxd5 Rc8 23. b4 axb3 24. axb3 Qd8 25. Bf2 Bc6 26. Nb6 Rb8 27. Nb4 h5
28. f5 Be4 29. fxg6 Bxg6 30. N4d5 Bh6 31. Rc3 Rg8 32. Rg3 h4 33. Rh3 Be4 34.
Rg1 Kh7 35. Rxh4 f5 36. Qh5 Rg6 37. Be3 Ng7 38. Qxh6+ Rxh6 39. Rxh6+ Kg8 40.
Re1 Bxd5 41. Nxd5 Ra8 42. h3 Ra2 43. Bf4 Rf2 44. Rxd6 Qa5 45. Rg1 Rxf4 46. Nxf4
Qe5 47. Rd8+ Kh7 48. Nd5 Nh5 49. Rd7+ Kh6 50. Rd1 Ng3+ 51. Kg1 Ne2+ 52. Kf2 Ng3
53. Ne3 Qf4+ 54. Kg1 Qxe3+ 55. Kh2 Ne4 56. Rxb7 Qg3+ 57. Kg1 Qe3+ 1/2-1/2

[Event "Low Budget XXXIV"]
[Site "Solrod Skole"]
[Date "2010.10.13"]
[Round "2.2"]
[White "Orup, Kim Amdi"]
[Black "Keinicke, Mads"]
[Result "1-0"]
[WhiteElo "1497"]
[BlackElo "1739"]
[PlyCount "95"]
[EventDate "2010.??.??"]
[WhiteTeam "Køge Skakklub"]
[BlackTeam "Arb. Skakf. Af 04"]

1. a3 d5 2. f4 Nc6 3. Nf3 Bg4 4. e3 e5 5. Be2 exf4 6. exf4 Nf6 7. d3 Bc5 8. b4
Bb6 9. c3 Qe7 10. Rf1 Bxf3 11. Rxf3 Ng4 12. h3 Qh4+ 13. Kd2 Nh2 14. Kc2 Nxf3
15. Bxf3 O-O-O 16. a4 Qf2+ 17. Qd2 Qxd2+ 18. Bxd2 Bf2 19. Na3 Rhe8 20. Rf1 Bh4
21. Kb3 Ne7 22. Nb5 Kb8 23. Nd4 Bf6 24. Ne2 Nf5 25. g3 c6 26. Rg1 Re7 27. Rg2
Ne3 28. Rg1 Rde8 29. Nc1 h6 30. g4 g5 31. f5 d4 32. c4 Be5 33. Ne2 Bh2 34. Rh1
Be5 35. Rg1 Kc7 36. Ra1 b6 37. b5 cxb5 38. axb5 Kb8 39. Bc6 Rh8 40. Bb4 Rc7 41.
c5 bxc5 42. Bxc5 Rd8 43. Ra4 Nd5 44. Nxd4 Bxd4 45. Bxd4 Ne7 46. Be4 Rcd7 47.
Be5+ Kc8 48. Rc4+ 1-0

[Event "Low Budget XXXIV"]
[Site "Solrod Skole"]
[Date "2010.10.13"]
[Round "2.3"]
[White "Larsen, Poul M"]
[Black "Christensen, Verner"]
[Result "0-1"]
[WhiteElo "1551"]
[BlackElo "1968"]
[PlyCount "84"]
[EventDate "2010.??.??"]
[WhiteTeam "Haslev Skakklub"]
[BlackTeam "Solrød Skakklub"]

1. d4 Nf6 2. c4 g6 3. f3 d5 4. cxd5 Nxd5 5. e4 Nb6 6. Be3 Bg7 7. Nc3 O-O 8. Qd2
Re8 9. O-O-O a5 10. Kb1 a4 11. a3 N8d7 12. g4 c6 13. h4 Qc7 14. Bf4 e5 15. Bg3
c5 16. Nb5 Qb8 17. d5 c4 18. h5 Nc5 19. hxg6 hxg6 20. Qh2 Ra5 21. Nd4 Qa7 22.
Nc2 Rb5 23. Nb4 Rxb4 24. axb4 Nb3 25. Qc2 Bd7 26. Bf2 Nd4 27. Qc3 Ra8 28. Ne2
a3 29. Bxd4 exd4 30. Nxd4 axb2 31. Qxb2 Na4 32. Qa1 c3 33. Nc2 Qb8 34. Qa2 Nb2
35. Na3 Nxd1 36. Bb5 Bxb5 37. Rxd1 Qa7 38. d6 Qxa3 39. Qxa3 Rxa3 40. d7 Ra1+
41. Kxa1 c2+ 42. Ka2 cxd1=Q 0-1

[Event "Low Budget XXXIV"]
[Site "Solrod Skole"]
[Date "2010.10.13"]
[Round "2.4"]
[White "Kristensen, Benny"]
[Black "Dyremose, Flemming"]
[Result "1-0"]
[WhiteElo "1596"]
[BlackElo "1755"]
[PlyCount "29"]
[EventDate "2010.??.??"]
[WhiteTeam "Skovbo Skakklub"]
[BlackTeam "Brøndbyernes Skakklub"]

1. e4 c5 2. Nf3 d6 3. d4 cxd4 4. Nxd4 Nf6 5. Nc3 a6 6. Be3 e5 7. Nf3 Be6 8. Be2
Be7 9. O-O O-O 10. a4 Nbd7 11. Ng5 Rc8 12. Nxe6 fxe6 13. f3 Nb6 14. Kh1 Qd7 15.
Bxb6 1-0

[Event "Low Budget XXXIV"]
[Site "Solrod Skole"]
[Date "2010.10.13"]
[Round "2.5"]
[White "Nielsen, Steen"]
[Black "Sørensen, Aron Frank"]
[Result "0-1"]
[WhiteElo "1456"]
[BlackElo "1501"]
[PlyCount "32"]
[EventDate "2010.??.??"]
[WhiteTeam "Solrød Skakklub"]
[BlackTeam "Solrød Skakklub"]

1. d4 d5 2. c4 c6 3. Nf3 Nf6 4. Nc3 dxc4 5. a4 Bf5 6. Ne5 Nbd7 7. Nxc4 Qc7 8.
f3 e5 9. e4 exd4 10. Qxd4 Bc5 11. Qd1 Bg6 12. Bd3 O-O 13. Qe2 Rfe8 14. Rb1 Ne5
15. b4 Nxd3+ 16. Kf1 Nxc1 0-1

[Event "Low Budget XXXIV"]
[Site "Solrod Skole"]
[Date "2010.10.13"]
[Round "2.6"]
[White "Thomsen, Heinrich Kirch"]
[Black "Krag-Jacobsen, Alan"]
[Result "1/2-1/2"]
[WhiteElo "1322"]
[BlackElo "1482"]
[PlyCount "60"]
[EventDate "2010.??.??"]
[WhiteTeam "Solrød Skakklub"]
[BlackTeam "Solrød Skakklub"]

1. e4 e5 2. Nf3 Nc6 3. Bb5 a6 4. Ba4 Nf6 5. O-O b5 6. Bb3 Bc5 7. c3 d6 8. d4
Bb6 9. h3 O-O 10. a4 Bb7 11. d5 Ne7 12. Bc2 c6 13. Bg5 Ng6 14. Na3 h6 15. Bxf6
Qxf6 16. Nh2 cxd5 17. exd5 bxa4 18. Nc4 Bc5 19. Ne3 a3 20. b4 Bb6 21. Nhg4 Qd8
22. Nf5 h5 23. Nge3 Nf4 24. h4 g6 25. g3 gxf5 26. gxf4 Qxh4 27. Nxf5 Qxf4 28.
Qxh5 e4 29. Rxa3 Bc8 30. Ne3 Bxe3 1/2-1/2

[Event "Low Budget XXXIV"]
[Site "Solrod Skole"]
[Date "2010.10.13"]
[Round "2.7"]
[White "Wieland, Carsten"]
[Black "Kirkebække, Mark"]
[Result "1-0"]
[WhiteElo "1562"]
[BlackElo "1536"]
[PlyCount "55"]
[EventDate "2010.??.??"]
[WhiteTeam "Solrød Skakklub"]
[BlackTeam "Tåstrup Skakforening"]

1. d4 d5 2. Nf3 Bf5 3. e3 e6 4. Bd3 Ne7 5. O-O Qd6 6. b3 Nd7 7. Bb2 O-O-O 8.
Ng5 Bg6 9. Bxg6 hxg6 10. h3 Rh5 11. Nxf7 Qb6 12. Nxd8 Kxd8 13. Nc3 Nf6 14. Ne2
Ne4 15. Nf4 Rh8 16. Ba3 Rh6 17. Qf3 Nd2 18. Nxe6+ Qxe6 19. Qxf8+ Kd7 20. Qxg7
Rxh3 21. Qxe7+ Qxe7 22. Bxe7 Rh7 23. Rfd1 Ne4 24. Ba3 Rf7 25. f3 Nc3 26. Re1 g5
27. Bb2 Nb5 28. e4 1-0

[Event "Low Budget XXXIV"]
[Site "Solrod Skole"]
[Date "2010.10.13"]
[Round "2.8"]
[White "Grum-Schwensen, Jens"]
[Black "Jørgensen, Leif"]
[Result "0-1"]
[WhiteElo "1282"]
[BlackElo "1704"]
[PlyCount "136"]
[EventDate "2010.??.??"]
[WhiteTeam "Brøndbyernes Skakklub"]
[BlackTeam "Solrød Skakklub"]

1. e4 e5 2. Nf3 Nc6 3. Bb5 Nf6 4. Nc3 d6 5. d4 Bd7 6. O-O exd4 7. Bxc6 Bxc6 8.
Qxd4 Be7 9. Re1 O-O 10. Nd5 Bxd5 11. exd5 Re8 12. Bf4 Nh5 13. Bd2 Nf6 14. Qd3
h6 15. h3 c6 16. c4 Qd7 17. Nh4 cxd5 18. cxd5 Nxd5 19. Nf5 Nf4 20. Nxe7+ Rxe7
21. Bxf4 Rd8 22. Rad1 Rxe1+ 23. Rxe1 d5 24. Qg3 Kh7 25. Be5 f6 26. Bd4 a6 27.
Qd3+ Kg8 28. Rc1 Re8 29. Be3 Re4 30. Rd1 Re5 31. Bf4 Rf5 32. Qd4 g5 33. g4 Rxf4
34. Qxd5+ Qxd5 35. Rxd5 b5 36. Kg2 Kf7 37. Rc5 Kg6 38. a3 Rd4 39. Rc2 h5 40. f3
h4 41. Kf2 Rd5 42. Re2 a5 43. Ke1 Kf7 44. Re3 Re5 45. Ke2 Ke6 46. Kd3 Kd5 47.
Re4 f5 48. Rd4+ Kc5 49. b4+ axb4 50. axb4+ Kc6 51. gxf5 Rxf5 52. Ke3 Rf8 53.
Re4 Kd5 54. Rg4 Rf5 55. Rd4+ Kc6 56. Re4 Kd5 57. Rd4+ Kc6 58. Rd3 Re5+ 59. Kd2
Rd5 60. Rxd5 Kxd5 61. Kd3 Ke5 62. Ke3 Kf5 63. Kd4 Kf4 64. Kc5 Kxf3 65. Kxb5 g4
66. hxg4 h3 67. g5 h2 68. g6 h1=Q 0-1

[Event "Low Budget XXXIV"]
[Site "Solrod Skole"]
[Date "2010.10.13"]
[Round "2.9"]
[White "Dyremose, Morten Sigvart"]
[Black "Christensen, Robert"]
[Result "0-1"]
[WhiteElo "1191"]
[BlackElo "1104"]
[PlyCount "90"]
[EventDate "2010.??.??"]
[WhiteTeam "Brøndbyernes Skakklub"]
[BlackTeam "Hvidovre Skakklub"]

1. e4 c5 2. Nf3 d6 3. d4 cxd4 4. Nxd4 e5 5. Nf3 Nf6 6. Nc3 a6 7. Bg5 Be7 8. Bc4
O-O 9. Bxf6 Bxf6 10. O-O b5 11. Bb3 Nc6 12. Qd5 Bb7 13. Rad1 Be7 14. a4 b4 15.
Ne2 Qb6 16. Qd3 a5 17. Ng3 Ba6 18. Bc4 Bxc4 19. Qxc4 Rac8 20. Qd3 g6 21. Qd2
Qd8 22. Qh6 Bf6 23. Qd2 Nd4 24. Nxd4 exd4 25. Ne2 Re8 26. Nxd4 Rxe4 27. Nb5 Be7
28. Qd3 Re6 29. Rfe1 Rf6 30. Qe4 Re6 31. Qb7 Rxe1+ 32. Rxe1 Rxc2 33. g3 Bf6 34.
Qd5 Qb6 35. Qf3 Bxb2 36. Qf4 Be5 37. Qf3 b3 38. Re2 b2 39. Re1 Rc1 40. Qe2 b1=Q
41. Rxc1 Qxc1+ 42. Kg2 Qbc6+ 43. Qf3 Qxf3+ 44. Kxf3 Qd1+ 45. Kg2 Qxa4 0-1

[Event "Low Budget XXXIV"]
[Site "Solrod Skole"]
[Date "2010.10.27"]
[Round "3.1"]
[White "Christensen, Verner"]
[Black "Orup, Kim Amdi"]
[Result "1-0"]
[WhiteElo "1968"]
[BlackElo "1497"]
[PlyCount "159"]
[EventDate "2010.??.??"]
[WhiteTeam "Solrød Skakklub"]
[BlackTeam "Køge Skakklub"]

1. e4 e5 2. f4 exf4 3. Nf3 d6 4. Bc4 Be6 5. Bb5+ c6 6. Ba4 b5 7. Bb3 a5 8. c3
a4 9. Bc2 Be7 10. O-O Nf6 11. d4 Nbd7 12. Bxf4 h6 13. Nbd2 g5 14. Bg3 Nh5 15.
Qe1 Ng7 16. e5 d5 17. Qe2 h5 18. Ne1 h4 19. Bf2 Nf8 20. Be3 Qd7 21. Qf2 O-O-O
22. b3 a3 23. c4 b4 24. cxd5 Bxd5 25. Ne4 Nh7 26. Bd3 g4 27. Qc2 h3 28. Nc5
Bxc5 29. Qxc5 hxg2 30. Ba6+ Kb8 31. Nxg2 g3 32. hxg3 Ne6 33. Qxb4+ Ka8 34. Qd6
Nhg5 35. Nh4 Ne4 36. Qxd7 Rxd7 37. Bf2 Nxf2 38. Rxf2 Nxd4 39. Bc4 Bxc4 40. bxc4
Rb8 41. Nf3 Nf5 42. g4 Ne3 43. g5 Nxc4 44. Rc1 Rb2 45. Rxc4 Rd1+ 46. Kg2 Kb7
47. Rxb2+ axb2 48. Rb4+ Kc7 49. Rxb2 Rd8 50. a4 Ra8 51. Ra2 Ra5 52. Kg3 Kd7 53.
Kf4 Ke6 54. Ke4 c5 55. Nd2 Ra8 56. Nc4 Rb8 57. Rb2 Rg8 58. Rb6+ Ke7 59. Kf5 Ra8
60. Rb7+ Kf8 61. Kf6 Ra6+ 62. Nd6 Kg8 63. Rb8+ Kh7 64. Kxf7 Rxa4 65. g6+ Kh6
66. Nf5+ Kg5 67. g7 Ra7+ 68. Ne7 Rxe7+ 69. Kxe7 Kf5 70. g8=Q Kxe5 71. Qg5+ Kd4
72. Rd8+ Kc4 73. Kd6 Kb3 74. Kd5 c4 75. Rb8+ Kc2 76. Kd4 c3 77. Qg2+ Kc1 78.
Kd3 Kd1 79. Qd2+ cxd2 80. Rb1# 1-0

[Event "Low Budget XXXIV"]
[Site "Solrod Skole"]
[Date "2010.10.27"]
[Round "3.2"]
[White "Krag-Jacobsen, Alan"]
[Black "Krogh, Peter Ove"]
[Result "0-1"]
[WhiteElo "1482"]
[BlackElo "1922"]
[PlyCount "122"]
[EventDate "2010.??.??"]
[WhiteTeam "Solrød Skakklub"]
[BlackTeam "Køge Skakklub"]

1. e4 c5 2. c3 d5 3. exd5 Qxd5 4. d4 cxd4 5. Qxd4 Qxd4 6. cxd4 e6 7. Bb5+ Bd7
8. Bxd7+ Nxd7 9. Nf3 Bd6 10. O-O Ne7 11. Nc3 Rd8 12. Rd1 Nb6 13. Bg5 f6 14. Bh4
Kf7 15. b3 a6 16. Bg3 Bxg3 17. hxg3 Nbd5 18. Rac1 Nxc3 19. Rxc3 Rd7 20. Rcd3
Rhd8 21. Ne1 Nc6 22. Nc2 Ne7 23. Ne1 Nd5 24. f4 Rc8 25. Kf2 Nc3 26. Ra1 Ne4+
27. Kf3 f5 28. g4 g6 29. Rdd1 Rc3+ 30. Rd3 Rdc7 31. Rad1 Rc1 32. Rxc1 Rxc1 33.
Re3 Nc3 34. a4 Nd5 35. Re2 Rc3+ 36. Kf2 Nxf4 37. Rb2 fxg4 38. g3 Nd3+ 39. Nxd3
Rxd3 40. Rc2 Rf3+ 41. Kg2 Rxb3 42. Rc7+ Kf6 43. Rxh7 Rb2+ 44. Kf1 a5 45. Rd7 b5
46. axb5 Rxb5 47. Ra7 g5 48. Kf2 Kf5 49. Ke3 Rb3+ 50. Kf2 Rf3+ 51. Kg2 Ra3 52.
Ra6 Ra2+ 53. Kf1 a4 54. Ra5+ Ke4 55. Rxg5 Kf3 56. Ke1 Re2+ 57. Kd1 a3 58. Ra5
a2 59. Ra3+ Kf2 60. Kc1 Re1+ 61. Kb2 a1=Q+ 0-1

[Event "Low Budget XXXIV"]
[Site "Solrod Skole"]
[Date "2010.10.27"]
[Round "3.3"]
[White "Forsmann, Henning"]
[Black "Kristensen, Benny"]
[Result "1/2-1/2"]
[WhiteElo "1764"]
[BlackElo "1596"]
[PlyCount "112"]
[EventDate "2010.??.??"]
[WhiteTeam "Solrød Skakklub"]
[BlackTeam "Skovbo Skakklub"]

1. Nf3 d5 2. g3 c5 3. Bg2 Nf6 4. O-O Nc6 5. d4 e6 6. dxc5 Bxc5 7. c4 O-O 8.
cxd5 exd5 9. Qc2 Be7 10. Nc3 Nb4 11. Qd1 h6 12. a3 Nc6 13. b4 a6 14. Bb2 Be6
15. e3 Rc8 16. Ne2 Bf5 17. Rc1 Qb6 18. Ned4 Be4 19. Nd2 Bxg2 20. Kxg2 Rfe8 21.
N2f3 a5 22. Nxc6 bxc6 23. Bd4 Qb5 24. Bc5 axb4 25. axb4 Bxc5 26. bxc5 Nd7 27.
Nd4 Qa5 28. Nf5 Re6 29. Qd4 Nf6 30. Qb2 Qc7 31. Ra1 Rb8 32. Qc2 Ree8 33. Ra4
Qe5 34. Ra6 Rb2 35. Qd3 Reb8 36. Nd6 R2b3 37. Qf5 Qxf5 38. Nxf5 Ne4 39. Rxc6
Rb2 40. Rc7 Rc2 41. c6 Rbb2 42. Rc8+ Kh7 43. c7 Nxf2 44. Nd4 Rd2 45. Rh8+ Kg6
46. Nf3 Rdc2 47. c8=Q Rxc8 48. Rxc8 Ng4+ 49. Kh3 Nf2+ 50. Kh4 Rb4+ 51. Nd4 Rb2
52. Rc6+ f6 53. Ne6 h5 54. Nf8+ Kh6 55. g4 g5+ 56. Kg3 Ne4+ 1/2-1/2

[Event "Low Budget XXXIV"]
[Site "Solrod Skole"]
[Date "2010.10.27"]
[Round "3.4"]
[White "Keinicke, Mads"]
[Black "Thomsen, Heinrich Kirch"]
[Result "1-0"]
[WhiteElo "1739"]
[BlackElo "1322"]
[PlyCount "67"]
[EventDate "2010.??.??"]
[WhiteTeam "Arb. Skakf. Af 04"]
[BlackTeam "Solrød Skakklub"]

1. d4 g6 2. Nf3 Bg7 3. Bf4 Nf6 4. e3 O-O 5. Be2 d6 6. O-O c5 7. h3 cxd4 8. exd4
Nc6 9. c3 Nh5 10. Bg5 Qb6 11. Qb3 Be6 12. Qxb6 axb6 13. a3 h6 14. Be3 f5 15.
Nh4 Kh7 16. Bxh5 gxh5 17. Bf4 Bxd4 18. cxd4 Nxd4 19. Nc3 Bc4 20. Rfd1 e5 21.
Be3 Nc2 22. Rac1 Nxe3 23. fxe3 Rad8 24. Nd5 b5 25. Rc3 f4 26. e4 f3 27. Nxf3
Be2 28. Rd2 Bc4 29. b3 Bxd5 30. Rxd5 Rf4 31. Nd2 b4 32. Rc7+ Kh8 33. a4 Rg8 34.
Rxd6 1-0

[Event "Low Budget XXXIV"]
[Site "Solrod Skole"]
[Date "2010.10.27"]
[Round "3.5"]
[White "Jørgensen, Leif"]
[Black "Nielsen, Steen"]
[Result "0-1"]
[WhiteElo "1704"]
[BlackElo "1456"]
[PlyCount "116"]
[EventDate "2010.??.??"]
[WhiteTeam "Solrød Skakklub"]
[BlackTeam "Solrød Skakklub"]

1. d4 d5 2. c4 e6 3. Nc3 Nf6 4. Bg5 Be7 5. Nf3 O-O 6. e3 h6 7. Bf4 c6 8. Bd3
dxc4 9. Bxc4 Nbd7 10. O-O b5 11. Bb3 a6 12. Bc2 Bb7 13. Re1 c5 14. dxc5 Nxc5
15. e4 b4 16. Qxd8 Rfxd8 17. Nd1 Bxe4 18. Bxe4 Ncxe4 19. Rc1 Rd7 20. Ne5 Rb7
21. Nc6 Bc5 22. Kf1 Ba7 23. Rc4 Nc5 24. Nxa7 Nd3 25. Re3 Nxf4 26. Nc6 N4d5 27.
Rd3 a5 28. b3 a4 29. Ke2 axb3 30. axb3 Ra2+ 31. Kf3 g5 32. g3 Kg7 33. h3 Kg6
34. Ne3 Nxe3 35. Rxe3 Nd5 36. Ree4 Rb2 37. Nd4 Ra7 38. Re2 Rxe2 39. Nxe2 Rc7
40. Rxc7 Nxc7 41. Nd4 Nd5 42. Ke4 Kf6 43. Kd3 e5 44. Nc6 Kf5 45. Kc4 Ke4 46.
Nxb4 Nxb4 47. Kxb4 Kf3 48. Kc4 e4 49. b4 Kxf2 50. b5 e3 51. b6 e2 52. b7 e1=Q
53. b8=Q Qc1+ 54. Kd5 Qd2+ 55. Ke5 Kxg3 56. Qb3+ Kh4 57. Qxf7 Qe3+ 58. Kd5 Qb3+
0-1

[Event "Low Budget XXXIV"]
[Site "Solrod Skole"]
[Date "2010.10.27"]
[Round "3.6"]
[White "Christensen, Robert"]
[Black "Grum-Schwensen, Jens"]
[Result "0-1"]
[WhiteElo "1104"]
[BlackElo "1282"]
[PlyCount "106"]
[EventDate "2010.??.??"]
[WhiteTeam "Hvidovre Skakklub"]
[BlackTeam "Brøndbyernes Skakklub"]

1. d4 d5 2. Bf4 e6 3. Nf3 Nf6 4. Nbd2 Nc6 5. e3 Be7 6. Be2 Nh5 7. Ne5 Nxf4 8.
exf4 Nxd4 9. c3 Nxe2 10. Qxe2 O-O 11. Ndf3 Bf6 12. Qc2 Bxe5 13. fxe5 f6 14.
O-O-O fxe5 15. Rde1 e4 16. Nd4 Bd7 17. h4 Qe7 18. Re3 c5 19. Nb3 b6 20. g4 Rf4
21. Rg3 Raf8 22. Rh2 Qf7 23. Rgg2 e3 24. fxe3 Rf1+ 25. Kd2 d4 26. cxd4 Bc6 27.
e4 Qf4+ 28. Kc3 Bxe4 29. Qe2 cxd4+ 30. Nxd4 Rc1+ 31. Kb3 Bd5+ 32. Ka3 Qd6+ 33.
b4 Bxg2 34. Nxe6 Rf3+ 35. Kb2 Rfc3 36. Nd4 h6 37. Rxg2 Qxb4+ 38. Nb3 R1c2+ 39.
Qxc2 Rxc2+ 40. Rxc2 Qxg4 41. Rc7 Qxh4 42. Rxa7 Qf2+ 43. Kc3 g5 44. Nd2 g4 45.
Ra8+ Kg7 46. Ra7+ Kg6 47. Ra8 Kh5 48. Re8 g3 49. Ne4 Qf3+ 50. Kd2 g2 51. Re5+
Kh4 52. Re6 Qf4+ 53. Kc3 g1=Q 0-1